<?xml version="1.0" encoding="UTF-8"?>
<marc:record xmlns:marc="http://www.loc.gov/MARC21/slim">
   <marc:leader>00000nam a2200000 a 4500</marc:leader>
   <marc:datafield ind1="1" ind2=" " tag="100">
      <marc:subfield code="a">Barillé, Albert</marc:subfield>
      <marc:subfield code="4">aut</marc:subfield>
      <marc:subfield code="e">Verfasser/-in</marc:subfield>
   </marc:datafield>
   <marc:datafield ind1=" " ind2=" " tag="653">
      <marc:subfield code="a">Zukunft</marc:subfield>
   </marc:datafield>
   <marc:datafield ind1=" " ind2=" " tag="653">
      <marc:subfield code="a">Armstrong, Neil / Mondlandung</marc:subfield>
   </marc:datafield>
   <marc:datafield ind1=" " ind2=" " tag="653">
      <marc:subfield code="a">Lorenz</marc:subfield>
   </marc:datafield>
   <marc:datafield ind1=" " ind2=" " tag="653">
      <marc:subfield code="a">Einstein, Albert</marc:subfield>
   </marc:datafield>
   <marc:datafield ind1=" " ind2=" " tag="653">
      <marc:subfield code="a">Forscher</marc:subfield>
   </marc:datafield>
   <marc:datafield ind1="0" ind2="0" tag="245">
      <marc:subfield code="a">Es war einmal...Forscher &amp; Erfinder</marc:subfield>
   </marc:datafield>
   <marc:datafield ind1="0" ind2="0" tag="245">
      <marc:subfield code="b">Folgen 23 - 26</marc:subfield>
   </marc:datafield>
   <marc:datafield ind1="0" ind2="0" tag="245">
      <marc:subfield code="c">Barillé, Albert</marc:subfield>
   </marc:datafield>
   <marc:datafield ind1=" " ind2="1" tag="264">
      <marc:subfield code="c">1995</marc:subfield>
   </marc:datafield>
   <marc:datafield ind1="1" ind2=" " tag="490">
      <marc:subfield code="a">Forscher &amp; Erfinder</marc:subfield>
      <marc:subfield code="v">6</marc:subfield>
   </marc:datafield>
   <marc:datafield ind1="1" ind2=" " tag="520">
      <marc:subfield code="a">Folge 23: 1945. Über der japanischen Stadt Hiroshima wirft ein amerikanisches Flugzeug die erste Atombombe ab. Ein furchtbares Ereignis. Auf dem Weg der technischen und wissenschaftlichen Entwicklung zu dieser schrecklichen Waffe ist der Name eines überzeugten Pazifisten zu nennen: Albert Einstein. Maestro erzählt uns zunächst von dem jungen Einstein, als er noch in München lebte. Bald darauf ging er nach Zürich, in die Schweiz, und studierte. Seine Hauptinteressengebiete waren Physik, Mathematik und Astronomie. Im Alter von 21 Jahren entdeckte Einstein eine der bedeutensten Formeln der Physik: E=mc². Masse lässt sich nach dieser Formel in Energie umwandeln, in Energie von bisher unbekanntem Ausmaß. Wenige Jahre später gelang es Einstein, seine berühmte Relativitätstheorie zu formulieren. Unter anderem zeigte er auf, dass Zeit keine unveränderliche physikalische Größe ist, wie man bisher glaubte. Seine Entdeckungen wurden schließlich durch die Verleihung des Nobelpreises gewürdigt.</marc:subfield>
   </marc:datafield>
   <marc:datafield ind1="3" ind2=" " tag="024">
      <marc:subfield code="a">3319300501054</marc:subfield>
   </marc:datafield>
   <marc:datafield ind1=" " ind2=" " tag="041">
      <marc:subfield code="a">ger</marc:subfield>
   </marc:datafield>
   <marc:datafield ind1=" " ind2=" " tag="300">
      <marc:subfield code="a">1 DVD</marc:subfield>
   </marc:datafield>
</marc:record>
